| 000 | 01443nam a22004097a 4500 | ||
|---|---|---|---|
| 003 | CHAP | ||
| 005 | 20220817041809.0 | ||
| 008 | 971013s1978 r 00010 d | ||
| 010 | _a24774 | ||
| 011 | _a25746 | ||
| 035 | _a29846 | ||
| 040 | _cCHAP | ||
| 082 |
_a581.192 _bB6 |
||
| 100 | 0 | 0 |
_aBroertjes, C. _915500 |
| 245 | _aApplication of mutation breeding methods in the improvement of vegetatively propagated crops ; an interpretative literature reviews | ||
| 260 |
_aAmsterdam : _bElsevier, _c1978 |
||
| 300 |
_a316 p. _b: ilus. |
||
| 490 |
_aDevelopments in crop science _v; 2 |
||
| 590 |
_aBATCH-UPD _b10 _c20130110 _lUCH01 _h0008 |
||
| 590 |
_aBATCH-UPD _b10 _c20130110 _lUCH01 _h0332 |
||
| 590 |
_aBATCH-UPD _b10 _c20130110 _lUCH01 _h2021 |
||
| 590 |
_aBATCH-UPD _b10 _c20130409 _lUCH01 _h1945 |
||
| 590 |
_aBATCH-UPD _b10 _c20130410 _lUCH01 _h0545 |
||
| 590 |
_aBATCH-UPD _b10 _c20130914 _lUCH01 _h0750 |
||
| 590 |
_aCONVERSION _b10 _c20130109 _lUCH01 _h1314 |
||
| 650 | 1 | 4 |
_aCitología e histología vegetales. _923495 |
| 650 | 1 | 4 | _aGenética vegetal. |
| 650 | 1 | 4 |
_aMutación en plantas. _979907 |
| 650 | 1 | 4 |
_aPlantas _xMejoramiento. _988849 |
| 650 | 1 | 4 |
_aPropagación de plantas. _992417 |
| 650 | 1 | 4 |
_aRadiación _xEfecto en plantas. _993674 |
| 700 | 0 |
_aVan Harten, A. M. _9117770 |
|
| 830 | 0 |
_aDevelopments in crop science _v; 2 |
|
| 901 | _aBK | ||
| 942 | _cLIBRO | ||
| 949 |
_a581.192 B6 _bBC _cLIBRO _d-68897 _eLIBRO _h45083 _i29846 _si |
||
| 999 |
_c24774 _d24774 |
||